00570nam a2200181 a 45000010010000000030011000100080041000210350026000620820014000881000032001022450044001342600060001786500013002389420012002519520090002639980020003539990015003730000-8746ELIB.Books110520 1962  a(ELIB.Books)0000-8892 a230 bEcu aEcumenical Christian Center aTheology for our Times: Eco-Sensitivity bWhitefield: Indian School of Ecumenical Theology c1962 aTheology 2ddccBK 00102ddc4070aKBTSbKBTSd2011-05-20l0p9369r2022-01-22 00:00:00w2022-01-22yBK cbate2011-05-20 c8746d8746